[Event "29. Erfurter Schachfestival 2019 - Meis"]
[Site "Erfurt"]
[Date "2019.12.28"]
[Round "5.26"]
[White "Kroneder, Christian"]
[Black "Hartge, Gedeon"]
[Result "0-1"]
[WhiteElo "2045"]
[BlackElo "2239"]
[Annotator "Ruether,Rudolf"]
[PlyCount "72"]
[EventDate "2019.12.26"]

1. d4 c5 2. e3 d5 3. Nf3 Nf6 4. b3 Nc6 5. Bb2 Bg4 6. Nbd2 {(=)} e6 7. Be2 Bd6
8. Ne5 Bxe2 9. Qxe2 Rc8 10. O-O Qb6 11. Nxc6 bxc6 12. e4 Be7 13. dxc5 Qxc5 14.
c4 O-O 15. Rfc1 Qa5 16. Rc2 Rfd8 17. e5 Nd7 18. h3 Nf8 19. Bc3 Qa6 20. Qg4 c5
21. Re1 d4 22. Ba1 Qc6 23. Ne4 a5 24. Rd2 a4 25. Rd3 axb3 26. axb3 Ng6 27. f4
Ra8 28. Qf3 Qc7 29. g3 Ra2 30. h4 Qa5 31. Qf1 Ra8 32. Rdd1 Nxh4 33. gxh4 Bxh4
34. Qh3 Bxe1 35. Nf6+ gxf6 36. exf6 Kh8 0-1

[Event "29. Erfurter Schachfestival 2019 - Meis"]
[Site "Erfurt"]
[Date "2019.12.28"]
[Round "5.27"]
[White "Zhukov, Anton"]
[Black "Zech, Andreas"]
[Result "1-0"]
[WhiteElo "2190"]
[BlackElo "2038"]
[PlyCount "53"]
[EventDate "2019.12.26"]

1. d4 d5 2. c4 c6 3. Nf3 e6 4. Nbd2 Nf6 5. g3 Be7 6. Bg2 Nbd7 7. O-O O-O 8. Qc2
Re8 9. e4 dxe4 10. Nxe4 Nxe4 11. Qxe4 Nf6 12. Qc2 Bd7 13. Ne5 Rc8 14. Rd1 b6
15. Bf4 Nh5 16. Be3 f5 17. Qa4 b5 18. Qxa7 Nf6 19. Nxd7 Nxd7 20. cxb5 cxb5 21.
d5 e5 22. d6 Bf6 23. Bd5+ Kf8 24. Rac1 Rxc1 25. Rxc1 Bg5 26. Bxg5 Qxg5 27. Qxd7
1-0

[Event "29. Erfurter Schachfestival 2019 - Meis"]
[Site "Erfurt"]
[Date "2019.12.28"]
[Round "5.29"]
[White "Wiley, Tom E"]
[Black "Nguyen, Ha Thanh"]
[Result "1-0"]
[WhiteElo "2159"]
[BlackElo "1984"]
[Annotator "Ruether,Rudolf"]
[PlyCount "65"]
[EventDate "2019.12.26"]

1. d4 f5 2. g3 Nf6 3. Nf3 g6 4. c4 Bg7 5. b4 c6 6. Bb2 O-O 7. Nbd2 d6 8. Qb3
Kh8 9. Bg2 Qe8 10. O-O Nbd7 11. Rae1 d5 12. a4 e6 13. b5 h6 14. e3 g5 15. Ba3
Rg8 16. Rd1 Nh7 17. a5 a6 18. bxc6 bxc6 19. Qa4 Ndf8 20. cxd5 exd5 21. Ne5 Bd7
22. Nxd7 Qxd7 23. Rc1 Rc8 24. Nb3 Ne6 25. Nc5 Nxc5 26. Rxc5 Nf6 27. Rfc1 Rge8
28. Bf1 f4 29. exf4 gxf4 30. R5c2 Ne4 {(=)} 31. Bb2 f3 32. Rxc6 Rb8 33. Rxh6+
1-0

[Event "29. Erfurter Schachfestival 2019 - Meis"]
[Site "Erfurt"]
[Date "2019.12.28"]
[Round "5.30"]
[White "Fichtner, Ewald"]
[Black "Hillmann, Michael"]
[Result "0-1"]
[WhiteElo "2055"]
[BlackElo "2144"]
[Annotator "Ruether,Rudolf"]
[PlyCount "78"]
[EventDate "2019.12.26"]

1. d4 Nf6 2. Bf4 d6 3. Nc3 g6 4. e4 c6 5. Qd2 Nbd7 6. Nf3 Qc7 7. O-O-O Bg7 8.
Bh6 Bxh6 9. Qxh6 b5 10. Bd3 a6 11. Kb1 Bb7 12. Ng5 c5 13. d5 {(=)} c4 14. Bf1
b4 15. Ne2 c3 16. Nd4 cxb2 17. Bd3 Nc5 18. Kxb2 Na4+ 19. Kc1 Nc3 20. Qg7 O-O-O
21. Nxf7 Rhg8 22. Qh6 Nxa2+ 23. Kb2 Qa5 24. Qh3+ Kb8 25. Bc4 Nc3 26. Ra1 Qb6
27. Qd3 Nfxe4 28. Nxd8 Rxd8 29. Rhf1 a5 30. Qe3 Nc5 31. Nb5 Nxb5 32. Bxb5 Qxb5
33. Qxe7 Rd7 34. Qe8+ Kc7 35. Rfd1 a4 36. Rd4 a3+ 37. Ka2 Bxd5+ 38. c4 bxc3+
39. Rxd5 Qb2# 0-1

[Event "29. Erfurter Schachfestival 2019 - Meis"]
[Site "Erfurt"]
[Date "2019.12.28"]
[Round "5.31"]
[White "Cordes, Klaus"]
[Black "Hansson, Hakan"]
[Result "1-0"]
[WhiteElo "2118"]
[BlackElo "1961"]
[PlyCount "57"]
[EventDate "2019.12.26"]

1. d4 d5 2. Nf3 Nf6 3. c4 e6 4. g3 Be7 5. Bg2 O-O 6. O-O c5 7. cxd5 Nxd5 8. e4
Nf6 9. Nc3 cxd4 10. Nxd4 Nc6 11. Nxc6 bxc6 12. Qc2 e5 13. Rd1 Qa5 14. Bd2 Qc5
15. Be3 Qa5 16. Na4 Rb8 17. b3 Ng4 18. Bd2 Qc7 19. h3 Nf6 20. Be3 Bd7 21. Nc5
Be8 22. Na6 Qc8 23. Nxb8 Qxb8 24. Bc5 Bxc5 25. Qxc5 Bd7 26. Rac1 Rc8 27. Rc4
Qc7 28. Ra4 Ra8 29. Ra5 1-0

[Event "29. Erfurter Schachfestival 2019 - Meis"]
[Site "Erfurt"]
[Date "2019.12.28"]
[Round "5.33"]
[White "Schenk, Stefan"]
[Black "Schupp, Uwe"]
[Result "0-1"]
[WhiteElo "2009"]
[BlackElo "2098"]
[PlyCount "138"]
[EventDate "2019.12.26"]

1. e4 d6 2. d4 Nf6 3. Nc3 e5 4. Nf3 exd4 5. Nxd4 Be7 6. Be2 O-O 7. O-O Re8 8.
Bf3 c6 9. a4 Bf8 10. a5 h6 11. Re1 Qc7 12. Bf4 Nbd7 13. h3 Ne5 14. Bg3 Bd7 15.
Be2 b5 16. b4 Qb7 17. f4 Nc4 18. Bf3 a6 19. Kh1 Rac8 20. Rb1 Qc7 21. Nb3 d5 22.
e5 Bxb4 23. Qd3 Ne4 24. Nxe4 dxe4 25. Bxe4 Bxe1 26. Bxe1 Be6 27. Nc5 Red8 28.
Nxe6 Rxd3 29. Nxc7 Re3 30. Bd3 Rxc7 31. Bf2 Na3 32. Rd1 Rxd3 33. cxd3 c5 34.
Rc1 Rd7 35. Rxc5 b4 36. Be1 b3 37. Bc3 Rxd3 38. Bb2 Rd1+ 39. Kh2 Nb5 40. Rc8+
Kh7 41. e6 fxe6 42. Re8 Rd2 43. Be5 Re2 44. Ba1 b2 45. Bxb2 Rxb2 46. Rxe6 Nc7
47. Re7 Nd5 48. Ra7 Nb4 49. f5 Rf2 50. Rb7 Nc6 51. Rb6 Nxa5 52. Rxa6 Rxf5 53.
Re6 Rf6 54. Re5 Nc6 55. Rd5 Kg6 56. Kg3 Ne7 57. Ra5 Nf5+ 58. Kh2 Ne3 59. Re5
Nf5 60. Ra5 Rb6 61. Ra4 Rb2 62. Rg4+ Kf6 63. Re4 g5 64. Re1 Nh4 65. Re4 Kf5 66.
Ra4 Rxg2+ 67. Kh1 Re2 68. Ra5+ Kf4 69. Ra4+ Kg3 0-1

[Event "29. Erfurter Schachfestival 2019 - Meis"]
[Site "Erfurt"]
[Date "2019.12.28"]
[Round "5.34"]
[White "Schmitt, Günter"]
[Black "Rahimi, Rahim"]
[Result "0-1"]
[WhiteElo "2091"]
[BlackElo "1945"]
[PlyCount "115"]
[EventDate "2019.12.26"]

1. Nf3 d5 2. e3 Nf6 3. b3 Bg4 4. Bb2 Nbd7 5. Be2 c6 6. c4 e6 7. O-O Bd6 8. cxd5
cxd5 9. Nd4 Bxe2 10. Qxe2 a6 11. f4 Rc8 12. d3 Qe7 13. Nd2 Ba3 14. Rac1 O-O 15.
N2f3 Bxb2 16. Qxb2 Ng4 17. Qd2 e5 18. fxe5 Ndxe5 19. Rce1 Nxf3+ 20. gxf3 Nh6
21. Kh1 f5 22. Rg1 Rf6 23. Rg2 Rg6 24. Reg1 Rxg2 25. Rxg2 Qe5 26. f4 Qe7 27.
Rg3 g6 28. h3 Qc5 29. Rg1 Kf7 30. Kg2 Ng8 31. Rd1 Nf6 32. Kf2 h6 33. Ke2 Nh5
34. Kf3 Kf6 35. Qb2 Kf7 36. Ne2 Qe7 37. Rc1 Rxc1 38. Qxc1 g5 39. Qc8 Ng7 40.
Nd4 Kg6 41. Qg8 gxf4 42. exf4 Qe1 43. Kg2 Qd2+ 44. Kh1 Qxd3 45. Qxd5 Qxh3+ 46.
Kg1 Qe3+ 47. Kg2 Qxf4 48. Nf3 Qe4 49. Qd6+ Ne6 50. Kf2 f4 51. Ne5+ Kf5 52. Nf7
Qe3+ 53. Kf1 f3 54. Qg3 Kf6 55. Nd6 Ng5 56. Nc4 Qc1+ 57. Qe1 Qxe1+ 58. Kxe1 0-1

[Event "29. Erfurter Schachfestival 2019 - Meis"]
[Site "Erfurt"]
[Date "2019.12.28"]
[Round "5.35"]
[White "Popist, Florian"]
[Black "Fahland, Maximilian"]
[Result "1-0"]
[WhiteElo "2076"]
[BlackElo "1929"]
[PlyCount "67"]
[EventDate "2019.12.26"]

1. e4 c6 2. d4 d5 3. Nc3 dxe4 4. Nxe4 Bf5 5. Ng3 Bg6 6. h4 h6 7. Nf3 Nd7 8. h5
Bh7 9. Bd3 Bxd3 10. Qxd3 e6 11. Bf4 Qa5+ 12. Bd2 Qc7 13. O-O-O Ngf6 14. Ne4
Nxe4 15. Qxe4 Nf6 16. Qe2 Bd6 17. g3 O-O-O 18. c4 c5 19. Bc3 cxd4 20. Nxd4 a6
21. Kb1 Rd7 22. Rc1 Kb8 23. Nb3 Ka8 24. c5 Be7 25. c6 Rd5 26. Ba5 Rxa5 27.
cxb7+ Qxb7 28. Nxa5 Qe4+ 29. Qxe4+ Nxe4 30. Rc6 Bf6 31. Rd1 Kb8 32. Rd7 Rd8 33.
Rb7+ Ka8 34. Rxa6# 1-0

[Event "29. Erfurter Schachfestival 2019 - Meis"]
[Site "Erfurt"]
[Date "2019.12.28"]
[Round "5.36"]
[White "Heinke, Jasper"]
[Black "Schuffenhauer, Robert"]
[Result "1/2-1/2"]
[WhiteElo "2066"]
[BlackElo "1905"]
[Annotator "Ruether,Rudolf"]
[PlyCount "35"]
[EventDate "2019.12.26"]

1. d4 d5 2. c4 dxc4 3. e4 e5 4. Nf3 exd4 5. Bxc4 Bb4+ 6. Nbd2 Be6 7. Bxe6 fxe6
8. O-O Nc6 9. Qb3 Qd7 10. Ng5 O-O-O 11. Qxe6 h6 12. Qxd7+ Rxd7 13. Ne6 g5 14.
Nb3 Re7 15. Nexd4 Nxd4 16. Nxd4 Rxe4 17. Be3 Nf6 18. Nb5 {(=)} 1/2-1/2

[Event "29. Erfurter Schachfestival 2019 - Meis"]
[Site "Erfurt"]
[Date "2019.12.28"]
[Round "5.37"]
[White "Schmid, Anton"]
[Black "Schulte, Jürgen"]
[Result "1-0"]
[WhiteElo "1783"]
[BlackElo "2062"]
[Annotator "Ruether,Rudolf"]
[PlyCount "149"]
[EventDate "2019.12.26"]

1. d4 Nf6 2. c4 e6 3. Nf3 d5 4. g3 dxc4 5. Bg2 Bd7 6. Ne5 Bc6 7. Nxc6 Nxc6 8.
O-O Qd7 9. e3 Rd8 10. Qa4 Nd5 11. Qxc4 Be7 12. Nc3 O-O 13. Bd2 a6 14. Rfd1 f5
15. Rac1 Kh8 16. Nxd5 exd5 17. Qb3 b5 18. Qc2 Rf6 19. a3 Rc8 20. Qb3 Rd8 21.
Qc2 Bf8 22. Be1 Rc8 23. Qb3 Ne7 24. Bb4 c6 25. Rc2 Ng6 26. Rdc1 Ra8 27. Qc3
Bxb4 28. axb4 Ne7 29. Ra1 Rff8 30. Ra3 Ra7 31. b3 Rfa8 32. h4 Qd6 33. Ra5 Kg8
34. Bf3 g6 {(=)} 35. Kg2 Kg7 36. Rc1 h6 37. Kf1 Rc7 38. Rca1 Rca7 39. Ke2 Qd7
40. Qc5 Nc8 41. Rc1 Ne7 42. Kd3 Qe6 43. Qb6 Qd6 44. Kc3 Nc8 45. Qc5 Qxc5+ 46.
bxc5 Ne7 47. Kb4 Ng8 48. Rca1 Nf6 49. R5a2 Kf7 50. Ka5 Rb8 51. Rg1 Ne4 52. Bxe4
fxe4 53. f3 exf3 54. Rf1 Re8 55. Rxf3+ Kg7 56. Raf2 Rae7 57. Re2 Re4 58. Kxa6
g5 59. hxg5 hxg5 60. Kb7 R4e6 61. b4 Kg6 62. g4 R8e7+ 63. Kb6 Rh7 64. Rf8 Kg7
65. Rc8 Rhh6 66. Rc7+ Kg8 67. Ra2 Re8 68. Raa7 Rb8+ 69. Rab7 Rxb7+ 70. Kxb7 Rh4
71. Kxc6 Rxg4 72. Kxd5 Rg1 73. Ra7 g4 74. c6 g3 75. Ra2 1-0

[Event "29. Erfurter Schachfestival 2019 - Meis"]
[Site "Erfurt"]
[Date "2019.12.28"]
[Round "5.38"]
[White "Wolf, Andreas"]
[Black "Franke, Luca"]
[Result "1-0"]
[WhiteElo "2056"]
[BlackElo "1880"]
[PlyCount "67"]
[EventDate "2019.12.26"]

1. d4 Nf6 2. c4 g6 3. Nc3 Bg7 4. e4 d6 5. f3 O-O 6. Be3 e5 7. Nge2 Nc6 8. Qd2
a6 9. O-O-O b5 10. g4 bxc4 11. h4 h5 12. d5 Nb4 13. Ng3 hxg4 14. h5 Nxh5 15.
Nxh5 gxh5 16. Bxc4 a5 17. Rxh5 f5 18. Bh6 Qf6 19. Rdh1 Rf7 20. fxg4 fxg4 21.
Bxg7 Kxg7 22. Rh7+ Kg8 23. Rxf7 Qxf7 24. Qg5+ Qg7 25. Qd8+ Kf7 26. Qxc7+ Kg8
27. Qd8+ Kf7 28. Rf1+ Kg6 29. Qxd6+ Kg5 30. Qd8+ Kg6 31. Bb5 Bb7 32. Qd6+ Kh7
33. Rh1+ Kg8 34. Qe6+ 1-0

[Event "29. Erfurter Schachfestival 2019 - Meis"]
[Site "Erfurt"]
[Date "2019.12.28"]
[Round "5.39"]
[White "Farokhi, Keyvan"]
[Black "Walther, Andi"]
[Result "0-1"]
[WhiteElo "2023"]
[BlackElo "2180"]
[PlyCount "114"]
[EventDate "2019.12.26"]

1. d4 Nf6 2. Bf4 d5 3. e3 e6 4. c3 Be7 5. Nd2 O-O 6. Ngf3 b6 7. Bd3 Ba6 8. Bxa6
Nxa6 9. Qe2 Qc8 10. e4 dxe4 11. Nxe4 c5 12. Bd6 Bxd6 13. Nxd6 Qc6 14. Nxf7 Rxf7
15. Qxa6 c4 16. O-O-O Ng4 17. Rhf1 Rf5 18. d5 exd5 19. h3 Ne5 20. Nd4 Qh6+ 21.
Kb1 Rf7 22. Nc2 Qc6 23. Nb4 Qg6+ 24. Ka1 Qxg2 25. Nxd5 Rd7 26. Ne3 Rxd1+ 27.
Rxd1 Qxf2 28. Qb7 Re8 29. Qd5+ Qf7 30. Qd4 Kh8 31. a3 h6 32. Rf1 Qe6 33. h4 Nc6
34. Qxc4 Qxc4 35. Nxc4 Re4 36. Nd6 Rxh4 37. Rf7 h5 38. Rc7 Rh1+ 39. Ka2 Ne5 40.
Rxa7 h4 41. Ne4 Rg1 42. Ra4 Rg4 43. Kb3 Nd3 44. Rd4 Rxe4 45. Rxd3 g5 46. Rh3
Kg7 47. c4 Kg6 48. Kb4 Kh5 49. Kb5 g4 50. Rh1 g3 51. Kxb6 g2 52. Rg1 h3 53. c5
Kg4 54. c6 Kg3 55. c7 Rc4 56. b3 Rc3 57. b4 h2 0-1

[Event "29. Erfurter Schachfestival 2019 - Meis"]
[Site "Erfurt"]
[Date "2019.12.28"]
[Round "5.40"]
[White "Jedinger, Andreas"]
[Black "Geißhirt, Marco"]
[Result "1-0"]
[WhiteElo "2117"]
[BlackElo "2022"]
[PlyCount "69"]
[EventDate "2019.12.26"]

1. e4 e5 2. Nf3 Nc6 3. Bb5 Nf6 4. O-O Nxe4 5. d4 Nd6 6. Bxc6 dxc6 7. dxe5 Nf5
8. Qxd8+ Kxd8 9. Nc3 Be7 10. Rd1+ Ke8 11. h3 Nh4 12. Nxh4 Bxh4 13. Ne2 Be7 14.
Be3 b6 15. c4 Bd7 16. a4 Kd8 17. a5 b5 18. cxb5 cxb5 19. Nc3 c6 20. Rac1 a6 21.
Ne4 Ke8 22. Bc5 h5 23. b4 Rh6 24. Bxe7 Kxe7 25. Nc5 Be6 26. Rd6 Bd5 27. Rxh6
gxh6 28. Rc3 h4 29. g4 hxg3 30. Rxg3 h5 31. f4 Bc4 32. f5 f6 33. Rg7+ Kf8 34.
exf6 Rc8 35. Ne6+ 1-0

[Event "29. Erfurter Schachfestival 2019 - Meis"]
[Site "Erfurt"]
[Date "2019.12.28"]
[Round "5.41"]
[White "Arnhold, Steffi"]
[Black "Scheitz, Michael"]
[Result "0-1"]
[WhiteElo "2018"]
[BlackElo "2084"]
[PlyCount "86"]
[EventDate "2019.12.26"]

1. e4 e5 2. Nf3 Nc6 3. Bc4 Nf6 4. d3 Be7 5. c3 d6 6. Nbd2 O-O 7. a4 d5 8. exd5
Nxd5 9. O-O Bg4 10. h3 Bh5 11. Ne4 Nb6 12. Bb3 a5 13. Qe2 Bg6 14. Bd2 Kh8 15.
Rad1 h6 16. Rfe1 f5 17. Ng3 Bd6 18. Bc1 Qf6 19. h4 Rae8 20. Bc2 Nd7 21. Qd2 Nc5
22. d4 exd4 23. Rxe8 Rxe8 24. Nxd4 Ne4 25. Bxe4 fxe4 26. Qe3 Nxd4 27. cxd4 Qxh4
28. Re1 Rf8 29. Bd2 b6 30. Bc1 c5 31. d5 Be5 32. Qb3 Rf6 33. Bd2 Bd4 34. Be3
Qg4 35. Qc2 Be5 36. Nf1 Bf7 37. Rd1 h5 38. Rd2 Rg6 39. g3 h4 40. Nh2 Qf5 41.
Nf1 hxg3 42. fxg3 Bxg3 43. Rg2 Bd6 0-1

[Event "29. Erfurter Schachfestival 2019 - Meis"]
[Site "Erfurt"]
[Date "2019.12.28"]
[Round "5.42"]
[White "Kirschbaum, Gunnar"]
[Black "Maiwald, Harald"]
[Result "1/2-1/2"]
[WhiteElo "2083"]
[BlackElo "2005"]
[Annotator "Ruether,Rudolf"]
[PlyCount "67"]
[EventDate "2019.12.26"]

1. d4 Nf6 2. c4 e6 3. Nc3 Bb4 4. e3 O-O 5. Bd3 c5 6. a3 Bxc3+ 7. bxc3 Nc6 8.
Nf3 d6 9. O-O e5 10. Nd2 Qe7 11. d5 Na5 12. e4 b6 13. Re1 Ba6 14. Qe2 Rae8 15.
Rb1 Nd7 16. Nf1 f6 17. Ne3 g6 18. g3 Rf7 19. Ng4 Kh8 20. Nh6 Rff8 21. Rf1 Qg7
22. Ng4 Qe7 23. Bh6 Rf7 24. Bd2 Qf8 25. Nh6 Rfe7 26. f3 Rg7 27. Kg2 Qe7 28. h4
Nf8 29. Rh1 Qd7 30. Rh2 Qa4 31. h5 g5 32. Nf5 Rd7 33. Ne3 Rf7 34. Rhh1 {(=)}
1/2-1/2

[Event "29. Erfurter Schachfestival 2019 - Meis"]
[Site "Erfurt"]
[Date "2019.12.28"]
[Round "5.43"]
[White "Krause, Maximilian"]
[Black "Held, Carsten"]
[Result "1-0"]
[WhiteElo "1992"]
[BlackElo "2082"]
[PlyCount "37"]
[EventDate "2019.12.26"]

1. e4 c5 2. Nc3 g6 3. d4 Bg7 4. Be3 cxd4 5. Bxd4 Nf6 6. e5 Ng8 7. e6 Nf6 8.
exf7+ Kxf7 9. Bc4+ e6 10. Nf3 Re8 11. O-O Nc6 12. Be3 Kg8 13. Bb3 Qa5 14. Bd2
Qh5 15. Ne2 Ne4 16. Bc1 b6 17. Re1 Re7 18. Nf4 Qf5 19. Nh4 1-0

[Event "29. Erfurter Schachfestival 2019 - Meis"]
[Site "Erfurt"]
[Date "2019.12.28"]
[Round "5.44"]
[White "Reitz, Philipp"]
[Black "Schlick, Stefan"]
[Result "0-1"]
[WhiteElo "2068"]
[BlackElo "1997"]
[PlyCount "34"]
[EventDate "2019.12.26"]

1. Nf3 Nf6 2. g3 b6 3. Bg2 Bb7 4. d4 e6 5. O-O Be7 6. c4 O-O 7. Nc3 Ne4 8. Qc2
Nxc3 9. Ng5 Nxe2+ 10. Qxe2 Bxg2 11. Qh5 Bxg5 12. Bxg5 f6 13. Kxg2 fxg5 14. h4
gxh4 15. Rh1 Qf6 16. Qe2 Nc6 17. Rxh4 Nxd4 0-1

[Event "29. Erfurter Schachfestival 2019 - Meis"]
[Site "Erfurt"]
[Date "2019.12.28"]
[Round "5.45"]
[White "Guenther, Thomas"]
[Black "Minor, Viatcheslav"]
[Result "1-0"]
[WhiteElo "1980"]
[BlackElo "2062"]
[PlyCount "113"]
[EventDate "2019.12.26"]

1. Nf3 d6 2. d4 h6 3. c4 g5 4. Nc3 Bg7 5. e4 Nc6 6. Be3 g4 7. Ng1 e5 8. d5 Nce7
9. Be2 Nf6 10. h3 h5 11. Bg5 Ng6 12. hxg4 hxg4 13. Rxh8+ Bxh8 14. g3 Qd7 15.
Bd3 Nh7 16. Be3 Bf6 17. c5 a6 18. cxd6 Qxd6 19. Qd2 Bd7 20. a3 Qe7 21. f4 gxf3
22. Nxf3 Bg4 23. Be2 Bxf3 24. Bxf3 Bg5 25. Bg4 Bxe3 26. Qxe3 Qg5 27. Qxg5 Nxg5
28. Ke2 Ke7 29. Rh1 Rd8 30. Ke3 Rd6 31. b4 Nf8 32. Bc8 b5 33. Rh5 f6 34. Bf5
Kf7 35. Rh1 Ng6 36. Rc1 Ne7 37. Bg4 c6 38. Rd1 Kg6 39. Rd3 cxd5 40. Nxd5 Nxd5+
41. Rxd5 Rxd5 42. Bf5+ Kf7 43. exd5 Ke7 44. Bc8 Kd6 45. Bxa6 Kxd5 46. Bxb5 Ne6
47. Bd3 Nd4 48. g4 Ne6 49. Bh7 Nd4 50. Kd3 Nb5 51. a4 Nd4 52. Be4+ Kd6 53. Kc4
Ne6 54. a5 Kc7 55. b5 Nd8 56. b6+ Kb8 57. a6 1-0

[Event "29. Erfurter Schachfestival 2019 - Meis"]
[Site "Erfurt"]
[Date "2019.12.28"]
[Round "5.46"]
[White "Barthel, Ansgar"]
[Black "Grohmann, Alexander"]
[Result "1-0"]
[WhiteElo "2052"]
[BlackElo "1980"]
[PlyCount "45"]
[EventDate "2019.12.26"]

1. e4 c5 2. Nf3 d6 3. d4 cxd4 4. Nxd4 Nf6 5. Nc3 a6 6. f4 g6 7. Be2 Bg7 8. a4
Nc6 9. Nb3 O-O 10. O-O b6 11. Be3 Bb7 12. e5 Nd7 13. exd6 exd6 14. Bf3 Nc5 15.
Nd4 Nxd4 16. Bxd4 Bxd4+ 17. Qxd4 Ne6 18. Qd2 Bxf3 19. Rxf3 Qc7 20. Kh1 Rac8 21.
Rd1 Rfd8 22. Nd5 Qb7 23. f5 1-0

[Event "29. Erfurter Schachfestival 2019 - Meis"]
[Site "Erfurt"]
[Date "2019.12.28"]
[Round "5.47"]
[White "Chassard, Cedric"]
[Black "Huth, Kevin"]
[Result "0-1"]
[WhiteElo "2049"]
[BlackElo "1975"]
[PlyCount "96"]
[EventDate "2019.12.26"]

1. e4 c5 2. Nf3 Nc6 3. Bb5 g6 4. Bxc6 bxc6 5. O-O Bg7 6. Re1 d6 7. d3 e5 8. h3
Ne7 9. Be3 Rb8 10. b3 f5 11. Nc3 O-O 12. Bg5 h6 13. Bxe7 Qxe7 14. exf5 gxf5 15.
Qd2 d5 16. d4 e4 17. Qf4 Ba6 18. Nh4 Qg5 19. Qxg5 hxg5 20. Ng6 Rfe8 21. Na4
Bxd4 22. c3 Bf6 23. f4 Kg7 24. fxg5 Bxg5 25. Nxc5 Bc8 26. h4 Bf6 27. h5 Bxc3
28. Kf2 Bd4+ 29. Ke2 Bxc5 30. Rac1 Ba6+ 31. Kd1 Bf2 32. Rh1 e3 33. Nf4 e2+ 34.
Kc2 e1=Q 35. h6+ Kh7 36. Rcxe1 Rxe1 37. Rh5 Bg3 38. Rxf5 Bxf4 39. Rxf4 Kxh6 40.
Ra4 Bf1 41. Rxa7 Bxg2 42. Rc7 d4 43. a4 Re3 44. a5 Rbxb3 45. a6 Be4+ 46. Kd2
Rb2+ 47. Kc1 Ra2 48. a7 Re1# 0-1

[Event "29. Erfurter Schachfestival 2019 - Meis"]
[Site "Erfurt"]
[Date "2019.12.28"]
[Round "5.48"]
[White "Brendel, Bergit"]
[Black "Pedersen, Lars Wilton"]
[Result "1-0"]
[WhiteElo "1970"]
[BlackElo "2047"]
[PlyCount "47"]
[EventDate "2019.12.26"]

1. e4 d5 2. exd5 Nf6 3. Nf3 Nxd5 4. d4 g6 5. Be2 Bg7 6. O-O O-O 7. c4 Nb6 8.
Nc3 Bg4 9. h3 Bxf3 10. Bxf3 Nc6 11. c5 Nd7 12. Be3 e5 13. Bxc6 bxc6 14. dxe5
Nxe5 15. Qa4 Re8 16. Rad1 Qc8 17. Bd4 Qb7 18. f4 f6 19. fxe5 fxe5 20. Qc4+ Kh8
21. Be3 Qxb2 22. Ne4 Rab8 23. Rd7 Qa3 24. Bh6 1-0

[Event "29. Erfurter Schachfestival 2019 - Meis"]
[Site "Erfurt"]
[Date "2019.12.28"]
[Round "5.49"]
[White "Tenold, Andreas"]
[Black "Dehmel, Jens"]
[Result "1-0"]
[WhiteElo "1926"]
[BlackElo "2045"]
[PlyCount "55"]
[EventDate "2019.12.26"]

1. e4 e5 2. Nf3 Nc6 3. d4 exd4 4. Bc4 Nf6 5. e5 d5 6. Bb5 Ne4 7. Nxd4 Bd7 8.
Bxc6 bxc6 9. O-O Bc5 10. f3 Ng5 11. f4 Ne4 12. Be3 Bb6 13. Nd2 Nxd2 14. Qxd2 c5
15. Nf3 Bc6 16. c3 Qd7 17. Rad1 Rd8 18. f5 f6 19. exf6 gxf6 20. Bh6 Qf7 21.
Rfe1+ Kd7 22. Re6 Bb7 23. Bg5 Qh5 24. Bxf6 Qxf5 25. Rde1 Rhg8 26. Bxd8 Kxd8 27.
Qe2 Qh5 28. Rxb6 1-0

[Event "29. Erfurter Schachfestival 2019 - Meis"]
[Site "Erfurt"]
[Date "2019.12.28"]
[Round "5.50"]
[White "Easwaralingam, Adesh"]
[Black "Neubauer, Ralf"]
[Result "1/2-1/2"]
[WhiteElo "2045"]
[BlackElo "1931"]
[Annotator "Ruether,Rudolf"]
[PlyCount "44"]
[EventDate "2019.12.26"]

1. e4 g6 2. d4 Bg7 3. Nc3 d6 4. Nf3 Nf6 5. Bc4 Nxe4 6. Bxf7+ Kxf7 7. Nxe4 Rf8
8. c3 Kg8 9. h3 Nc6 10. Be3 e5 11. Qb3+ d5 12. Nxe5 Nxe5 13. dxe5 Bxe5 14.
O-O-O c6 15. Rhe1 Qc7 16. Ng5 b5 17. Nf3 Bg7 18. Nd4 {(=)} Kh8 19. h4 h6 20.
Qc2 Bf5 21. Nxf5 Rxf5 22. Qd2 Kh7 {Rest unleserlich} 1/2-1/2

[Event "29. Erfurter Schachfestival 2019 - Meis"]
[Site "Erfurt"]
[Date "2019.12.28"]
[Round "5.51"]
[White "Schulze, Mario"]
[Black "Mucha, Annegret"]
[Result "1/2-1/2"]
[WhiteElo "1911"]
[BlackElo "2041"]
[Annotator "Ruether,Rudolf"]
[PlyCount "31"]
[EventDate "2019.12.26"]

1. e4 c5 2. Nf3 d6 3. d4 cxd4 4. Nxd4 Nf6 5. f3 a6 6. c4 e6 7. Be3 Be7 8. Nc3
O-O 9. Be2 Nc6 10. O-O Qc7 11. Rc1 Rd8 12. Nd5 exd5 13. cxd5 Bd7 14. dxc6 bxc6
15. Bf2 Qb7 16. b3 {(=)} 1/2-1/2

[Event "29. Erfurter Schachfestival 2019 - Meis"]
[Site "Erfurt"]
[Date "2019.12.28"]
[Round "5.52"]
[White "Wachsmann, Dietmar"]
[Black "Pellicoro, Nathalie"]
[Result "1/2-1/2"]
[WhiteElo "2032"]
[BlackElo "1860"]
[Annotator "Ruether,Rudolf"]
[PlyCount "42"]
[EventDate "2019.12.26"]

1. e4 c5 2. Nf3 e6 3. d4 cxd4 4. Nxd4 Nc6 5. Nc3 Qc7 6. Be3 Nf6 7. Qf3 a6 8.
O-O-O d6 9. Qg3 b5 10. a3 b4 11. axb4 Nxb4 12. Bd3 Bb7 13. Bg5 Rc8 14. Rhe1 Nd7
15. Kd2 Nxd3 16. cxd3 Qb6 17. Nde2 Qxb2+ 18. Ke3 Qb6+ 19. Kd2 Qb2+ 20. Ke3 Qb6+
21. Kd2 Qb2+ {(=)} 1/2-1/2

[Event "29. Erfurter Schachfestival 2019 - Meis"]
[Site "Erfurt"]
[Date "2019.12.28"]
[Round "5.53"]
[White "Petri, Raphael"]
[Black "Röhr, Oliver"]
[Result "0-1"]
[WhiteElo "1839"]
[BlackElo "2028"]
[PlyCount "70"]
[EventDate "2019.12.26"]

1. e4 e5 2. Nf3 Nc6 3. Bb5 Nge7 4. O-O g6 5. d4 exd4 6. Nxd4 Bg7 7. Be3 O-O 8.
c3 a6 9. Bc4 b5 10. Nxc6 Nxc6 11. Bd5 Bb7 12. Nd2 Na5 13. Bxb7 Nxb7 14. Bd4 d5
15. Bxg7 Kxg7 16. e5 d4 17. Qf3 dxc3 18. Qxc3 c5 19. Rad1 Qe7 20. Rfe1 Rfe8 21.
f4 Rad8 22. Ne4 b4 23. Qc4 Rxd1 24. Rxd1 Rd8 25. Rxd8 Qxd8 26. Qxa6 Qd4+ 27.
Nf2 Qxf4 28. Nd3 Qd4+ 29. Kf1 c4 30. Qf6+ Kg8 31. Ne1 c3 32. bxc3 bxc3 33. Qc6
Nd8 34. Qd6 Qf4+ 35. Nf3 c2 0-1

[Event "29. Erfurter Schachfestival 2019 - Meis"]
[Site "Erfurt"]
[Date "2019.12.28"]
[Round "5.54"]
[White "Diener, Carolin Valeria"]
[Black "Schmitt, Michael"]
[Result "0-1"]
[WhiteElo "1864"]
[BlackElo "2025"]
[PlyCount "102"]
[EventDate "2019.12.26"]

1. e4 e6 2. d3 d5 3. Nd2 c5 4. Ngf3 Nc6 5. g3 Nf6 6. Bg2 g6 7. O-O Bg7 8. Re1
O-O 9. Qe2 Re8 10. e5 Nd7 11. Nf1 Ndxe5 12. Nxe5 Nxe5 13. h4 Nc6 14. h5 e5 15.
Ne3 Be6 16. Qf3 Nd4 17. Qd1 Qd7 18. c3 Nc6 19. Bf3 f5 20. Ng2 e4 21. dxe4 dxe4
22. Qxd7 Bxd7 23. Be2 Ne5 24. Be3 c4 25. Nf4 Kf7 26. Reb1 Nd3 27. Bd2 Bc6 28.
b3 b5 29. bxc4 bxc4 30. hxg6+ hxg6 31. Ng2 Rab8 32. Ne3 Bb5 33. Nxf5 Be5 34.
Ne3 Red8 35. Bxd3 Rxd3 36. a4 Ba6 37. Rxb8 Bxb8 38. Ra2 Be5 39. Rc2 Ke6 40. Kg2
Kd6 41. Nd1 Kc6 42. Nb2 Rd7 43. Be3 Rb7 44. Nd1 Rb1 45. Nb2 Bd6 46. Rd2 Be5 47.
Rc2 Bd6 48. Rd2 Bc5 49. Bg5 Ba3 50. Nxc4 Bxc4 51. Rd4 Bd3 0-1

[Event "29. Erfurter Schachfestival 2019 - Meis"]
[Site "Erfurt"]
[Date "2019.12.28"]
[Round "5.55"]
[White "Halas, Julia"]
[Black "Schröter, Maik"]
[Result "0-1"]
[WhiteElo "2087"]
[BlackElo "1943"]
[Annotator "Ruether,Rudolf"]
[PlyCount "72"]
[EventDate "2019.12.26"]

1. d4 Nf6 2. c4 e6 3. Nf3 Bb4+ 4. Nbd2 b6 5. a3 Bxd2+ 6. Qxd2 Bb7 7. g3 d6 8.
Bg2 Nbd7 9. O-O O-O 10. b3 Rb8 {(=)} 11. Bb2 Ne4 12. Qc2 f5 13. Ne1 Qg5 14. Bc1
Qf6 15. Nd3 Ng5 16. h4 Ne4 17. Bb2 g5 18. hxg5 Nxg5 19. Bxb7 Rxb7 20. c5 Qh6
21. Bc1 Nf6 22. Bxg5 Qxg5 23. Kg2 Nd5 24. Rh1 h5 25. Qc1 f4 26. Rh3 bxc5 27.
dxc5 Rxb3 28. Qc4 Rc3 29. Qe4 Qf5 30. Qxf5 Rxf5 31. cxd6 f3+ 32. Kf1 fxe2+ 33.
Kxe2 cxd6 34. a4 e5 35. Rh4 a5 36. Kd2 Rf3 0-1